[Event "COL-ch U14"]
[Site "Cartagena"]
[Date "2023.04.15"]
[Round "5"]
[White "Cano Alcaraz, Juan Jose"]
[Black "Delgado Caballero, Kevin Daniel"]
[Result "1-0"]
[WhiteElo "1538"]
[BlackElo "1325"]
[PlyCount "85"]
[EventDate "2023.04.13"]
[EventType "swiss"]
[EventRounds "7"]
[EventCountry "COL"]
[SourceTitle "CBM 213 Extra"]
[Source "ChessBase"]
[SourceDate "2023.05.31"]
[SourceVersion "1"]
[SourceVersionDate "2023.05.31"]
[SourceQuality "1"]

1. Nf3 Nc6 2. d4 d5 3. c4 e6 4. Nc3 Bb4 5. Bf4 Bxc3+ 6. bxc3 Nf6 7. e3 Bd7 8. Rb1 Rb8 9. Qc2 h6 10. Bd3 Nh5 11. Bg3 Nxg3 12. hxg3 Qe7 13. cxd5 exd5 14. Bb5 0-0 15. Bxc6 Bxc6 16. Ne5 Rfe8 17. 0-0 f6 18. Nxc6 bxc6 19. Qa4 Qd6 20. Qxa7 Ra8 21. Qb7 Reb8 22. Qxb8+ Rxb8 23. Rxb8+ Kh7 24. Rb3 h5 25. a4 c5 26. Ra1 cxd4 27. cxd4 Qa6 28. Rb5 c6 29. Rb2 Qa5 30. Rc2 Qa6 31. a5 g5 32. Rb2 h4 33. gxh4 gxh4 34. Rb6 Qd3 35. a6 Qc3 36. Rbb1 Kg6 37. a7 h3 38. a8Q hxg2 39. Qg8+ Kf5 40. Qh7+ Ke6 41. Qh3+ Kd6 42. Ra7 Qd3 43. Rd7# 1-0

[Event "Bogota El Tablazo op-B"]
[Site "Bogota"]
[Date "2022.06.24"]
[Round "1.12"]
[White "Builes Palacio, Santiago"]
[Black "Delgado Caballero, Kevin Daniel"]
[Result "1-0"]
[WhiteElo "1877"]
[BlackElo "1386"]
[PlyCount "43"]
[EventDate "2022.06.24"]
[EventType "swiss"]
[EventRounds "7"]
[EventCountry "COL"]
[SourceTitle "EXT 2024"]
[Source "ChessBase"]
[SourceDate "2023.10.10"]
[SourceVersion "1"]
[SourceVersionDate "2023.10.10"]
[SourceQuality "1"]

1. f4 c5 2. e4 d5 3. e5 e6 4. Nf3 Ne7 5. d4 cxd4 6. Nxd4 Nbc6 7. Nc3 Nxd4 8. Qxd4 Ng6 9. Bd3 Be7 10. 0-0 0-0 11. Be3 b6 12. Rae1 Bb7 13. f5 exf5 14. Bxf5 Bc5 15. Qd2 Bxe3+ 16. Qxe3 Ne7 17. Bd3 Qd7 18. Qg5 Rad8 19. Qh5 Ng6 20. Rf6 gxf6 21. exf6 Qd6 22. Rf1 1-0